Дело о рассмотрении жалобы попечителя Дерптского учебного округа на нарушение администрацией Митавской гимназии предписаний учил...

Доступно только в Электронных читальных залах Найти на картеНа карте
RUSMARC
00004326nmc2a2200000 x 450
00144d87a2c-5a68-4f5b-979c-edd68ab47caf
00520170113110602.0
100##$a20140507l18031803k l0rusy0189 ca
1010#$arus
102##$aRU
2001#$aДело о рассмотрении жалобы попечителя Дерптского учебного округа на нарушение администрацией Митавской гимназии предписаний училищной комиссии университета
$j13 ноября - 31 декабря 1803 г.
251##$cДело
300##$aДело
300##$aОриг. заголовок дела: Дело, по представлению попечителя Дерптского учебного округа, о том, что Митавская гимназия не исполняет предписаний училищной комиссии. 13 ноября 1803 г. - 31 декабря 1803 г
801#0$aRU
$bРГИА
$c20140507
$gRCR
801#1$aRU
$bГлавНИВЦ
$c20140507
$2rusmarc
801#2$aRU
$bПБ им. Б.Н. Ельцина
$c20170113
$gRCR
$2rusmarc
850##$aРГИА
852##$aРГИА
$eФедеральное казенное учреждение "Российский государственный исторический архив" (РГИА)
$j31
937##$hРГИА
$d11167597
$aASBIBLIO_SCAN
462#0$10015faafd89-1df2-4e8f-a0ba-1d8a620713c6
$12001
$aДела Департамента народного просвещения по Дерптскому учебному округу за 1802-1836 гг.
$1251
$cОпись
$1852
$j56
461#0$1001a74412a3-3cc5-4d21-8f0a-dfe2fbd9e72d
$12001
$aДепартамент народного просвещения Министерства народного просвещения (1803-1917)
$1251
$cФонд
$1852
$j733
215##$a23 л.
$d36,5х26 см
371##$aДокумент не является опубликованным и широко распространяемым
105##$ay###
1222#$ad
5171#$aДело, по представлению попечителя Дерптского учебного округа, о том, что Митавская гимназия не исполняет предписаний училищной комиссии. 13 ноября 1803 г. - 31 декабря 1803 г.
035##$a44d87a2c-5a68-4f5b-979c-edd68ab47caf
856##$uhttp://readingroom.main.prlib.ru/item.aspx?id_node=n94228476&mode=full
Формат отображения